书目信息 |
| 题名: |
梦想集结
|
|
| 作者: | 吕纯晖 , 郭志杰 主编 | |
| 分册: | ||
| 出版信息: | 福州 海峡文艺出版社 2015 |
|
| 页数: | 348页 | |
| 开本: | 23cm | |
| 丛书名: | ||
| 单 册: | ||
| 中图分类: | I227.1 | |
| 科图分类: | ||
| 主题词: | 新诗--xin shi--诗集--中国--当代 | |
| 电子资源: | ||
| ISBN: | 978-7-5550-0605-3 | |
| 000 | 00781nam0 22002411 450 | |
| 001 | 0122100559 | |
| 005 | 20170322100559.0 | |
| 010 | @a978-7-5550-0605-3@dCNY48.00 | |
| 100 | @a20151210d2015 em y0chiy50 ea | |
| 101 | 0 | @achi |
| 102 | @aCN@b350000 | |
| 105 | @ay z 000gy | |
| 106 | @ar | |
| 200 | 1 | @a梦想集结@9meng xiang ji jie@e在榕高校大学生诗歌300首@f吕纯晖,郭志杰主编 |
| 210 | @a福州@c海峡文艺出版社@d2015 | |
| 215 | @a348页@d23cm | |
| 517 | 1 | @a在榕高校大学生诗歌300首@9zai rong gao jiao da xue sheng shi ge 300shou |
| 606 | 0 | @a新诗@9xin shi@x诗集@y中国@z当代 |
| 690 | @aI227.1@v5 | |
| 701 | 0 | @a吕纯晖@9lv chun hui@c(女,@f1956.10~)@4主编 |
| 701 | 0 | @a郭志杰@9guo zhi jie@f(1956~)@4主编 |
| 801 | 0 | @aCN@bTANGWEI@c20170308 |
| 905 | @b0957862-5@dI227.1@e403@f4 | |
| 梦想集结:在榕高校大学生诗歌300首/吕纯晖,郭志杰主编.-福州:海峡文艺出版社,2015 |
| 348页;23cm |
| ISBN 978-7-5550-0605-3:CNY48.00 |
| ● |
| 相关链接 |
|
|
|
|
正题名:梦想集结
索取号:I227.1/403
 
预约/预借
| 序号 | 登录号 | 条形码 | 馆藏地/架位号 | 状态 | 备注 |
| 1 | 0957862 | 209578624 | 第一样本阅览室/ [索取号:I227.1/403] | 在馆 | |
| 2 | 0957863 | 209578633 | 第二借阅区/ [索取号:I227.1/403] | 在馆 | |
| 3 | 0957864 | 209578642 | 第二借阅区/ [索取号:I227.1/403] | 在馆 | |
| 4 | 0957865 | 209578651 | 第二借阅区/ [索取号:I227.1/403] | 在馆 |